|
|
|
|
| LEADER |
00000nam2a2200000 4500 |
| 001 |
287453 |
| 005 |
20231102000006.0 |
| 010 |
|
|
|a 9785937610741
|
| 010 |
|
|
|a 978-5-93761-183-3
|
| 035 |
|
|
|a (RuTPU)RU\TPU\book\311855
|
| 035 |
|
|
|a RU\TPU\book\311853
|
| 090 |
|
|
|a 287453
|
| 100 |
|
|
|a 20150316d2011 km y0rusy50 ca
|
| 101 |
0 |
|
|a rus
|
| 102 |
|
|
|a RU
|
| 105 |
|
|
|a a z 001zy
|
| 200 |
0 |
|
|a Т. 1 : Запад России и Урал. Кн. 2 : Урал
|f Федеральное агентство по недропользованию ; Всероссийский научно-исследовательский геологический институт им. А. П. Карпинского (ВСЕГЕИ) ; под ред. О. А. Кондиайна
|
| 210 |
|
|
|d 2011
|
| 215 |
|
|
|a 584 с.
|c ил.
|e 8 карт.
|
| 320 |
|
|
|a Библиогр.: с. 553-577.
|
| 330 |
|
|
|a Представлены данные по глубинному строению, геологии и полезным ископаемым Урала — одной из крупнейших рудных провинций мира с уникальными геологическим строением и историей развития.Для расшифровки глубинного строения использованы последние геофизические данные по трансрегиональным профилям. Поэтапно, на основе анализа структурно-вещественных комплексов, раскрывается геологическое строение и вещественный состав главных структур региона — фундамента и чехла платформ, складчато-надвиговых структур и вулканических поясов. История геологического развития региона свидетельствует о направленном формировании земной коры, обусловившем особенности минерагении и появление крупных месторождений твердых полезных ископаемых. Дано системное изложение данных по всему комплексу полезных ископаемых региона с характеристикой основных месторождений. Проведен анализ состояния минерально-сырьевой базы Урала и рассмотрены перспективы ее развития. Определены пути дальнейшего изучения геологического строения Уральского региона.Для геологов, геофизиков, экономистов, руководителей администраций субъектов Российской Федерации, планирующих организаций, преподавателей и студентов вузов.Ил. 84, табл. 24, прил. 11, сп. литературы 586 названий.
|
| 461 |
|
1 |
|0 (RuTPU)RU\TPU\book\306490
|t Геология и полезные ископаемые России
|o в 6 т.
|f Российская академия наук (РАН)
|v Т. 1 : Запад России и Урал. Кн. 2 : Урал
|d 2000-
|
| 606 |
1 |
|
|a Геология
|y Россия
|2 stltpush
|3 (RuTPU)RU\TPU\subj\71115
|9 85163
|
| 606 |
1 |
|
|a Месторождения полезных ископаемых
|y Россия
|2 stltpush
|3 (RuTPU)RU\TPU\subj\74167
|9 86659
|
| 610 |
1 |
|
|a Урал
|
| 610 |
1 |
|
|a Уральская складчатая система
|
| 610 |
1 |
|
|a геологическое строение
|
| 610 |
1 |
|
|a геологическое районирование
|
| 610 |
1 |
|
|a глубинное строение
|
| 610 |
1 |
|
|a структурно-вещественные подразделения
|
| 610 |
1 |
|
|a историческая геология
|
| 610 |
1 |
|
|a полезные ископаемые
|
| 610 |
1 |
|
|a минерально-сырьевая база
|
| 610 |
1 |
|
|a расширение
|
| 610 |
1 |
|
|a геологические памятники
|
| 610 |
1 |
|
|a эколого-геологическое состояние
|
| 675 |
|
|
|a 55(47+57)
|v 3
|
| 675 |
|
|
|a 553(47+57)
|v 3
|
| 702 |
|
1 |
|a Кондиайн
|b О. А.
|4 340
|
| 712 |
0 |
2 |
|a Федеральное агентство по недропользованию
|2 stltpush
|3 (RuTPU)RU\TPU\col\16905
|9 26446
|
| 712 |
0 |
2 |
|a Всероссийский научно-исследовательский геологический институт им. А. П. Карпинского (ВСЕГЕИ)
|c (Санкт-Петербург)
|c (1991- )
|2 stltpush
|3 (RuTPU)RU\TPU\col\414
|
| 801 |
|
1 |
|a RU
|b 63413507
|c 20150316
|
| 801 |
|
2 |
|a RU
|b 63413507
|c 20191118
|g RCR
|
| 942 |
|
|
|c BK
|